The Tomb of Tut-Ankh-Amen : (Record no. 13259)
[ view plain ]
| 000 -LEADER | |
|---|---|
| fixed length control field | 01321cam a2200313 i 4500 |
| 001 - CONTROL NUMBER | |
| control field | 10136013 |
| 003 - CONTROL NUMBER IDENTIFIER | |
| control field | EG-ScBUE |
| 005 - DATE AND TIME OF LATEST TRANSACTION | |
| control field | 20240321102518.0 |
| 008 - FIXED-LENGTH DATA ELEMENTS--GENERAL INFORMATION | |
| fixed length control field | 830623t1923 nyua 001 0 1ng eng d |
| 040 ## - CATALOGING SOURCE | |
| Original cataloging agency | DLC |
| Language of cataloging | eng |
| Description conventions | rda |
| Transcribing agency | CarP |
| Modifying agency | DLC |
| -- | EG-ScBUE |
| 082 04 - DEWEY DECIMAL CLASSIFICATION NUMBER | |
| Edition number | 22 |
| Classification number | 932.014 |
| Item number | CAR |
| 100 1# - MAIN ENTRY--PERSONAL NAME | |
| Personal name | Carter, Howard, |
| Relator term | author. |
| 9 (RLIN) | 10884 |
| 245 14 - TITLE STATEMENT | |
| Title | The Tomb of Tut-Ankh-Amen : |
| Remainder of title | discovered by the late earl of Carnarvon and Howard Carter / |
| Statement of responsibility, etc | By Howard Carter and A. C. Mace, associate curator, Metropolitan Museum of Art, New York ; with 104 illustrations from photographs by Harry Burton, of the Metropolitan Museum of Art, New York. |
| 264 #1 - PUBLICATION, DISTRIBUTION, ETC. (IMPRINT) | |
| Place of publication, distribution, etc | New York : |
| Name of publisher, distributor, etc | George H. Doran Company, |
| Date of publication, distribution, etc | [1923] |
| 264 #4 - PUBLICATION, DISTRIBUTION, ETC. (IMPRINT) | |
| Date of publication, distribution, etc | c1923 |
| 300 ## - PHYSICAL DESCRIPTION | |
| Extent | 333 pages : |
| Other physical details | illustrations ; |
| Dimensions | 23 cm |
| 336 ## - CONTENT TYPE | |
| Source | rdacontent |
| Content type term | text |
| Content type code | txt |
| 337 ## - MEDIA TYPE | |
| Media type term | unmediated |
| Source | rdamedia |
| Media type code | n |
| 338 ## - CARRIER TYPE | |
| Carrier type term | volume |
| Carrier type code | nc |
| Source | rdacarrier |
| 500 ## - GENERAL NOTE | |
| General note | Includes index.<br/> |
| 600 07 - SUBJECT ADDED ENTRY--PERSONAL NAME | |
| Personal name | Tutankhamen, |
| Titles and other words associated with a name | King of Egypt |
| General subdivision | Tomb. |
| Source of heading or term | BUEsh |
| 9 (RLIN) | 10885 |
| 651 #7 - SUBJECT ADDED ENTRY--GEOGRAPHIC NAME | |
| 9 (RLIN) | 10882 |
| Geographic name | Egypt |
| General subdivision | History |
| Chronological subdivision | To 332 B.C. |
| Source of heading or term | BUEsh |
| 651 #7 - SUBJECT ADDED ENTRY--GEOGRAPHIC NAME | |
| 9 (RLIN) | 10883 |
| Geographic name | Egypt |
| General subdivision | History |
| Chronological subdivision | Eighteenth dynasty, ca. 1570-1320 B.C. |
| Source of heading or term | BUEsh |
| 655 ## - INDEX TERM--GENRE/FORM | |
| Form subdivision | Reading book |
| 700 1# - ADDED ENTRY--PERSONAL NAME | |
| Personal name | Mace, Arthur Cruttenden, |
| Dates associated with a name | 1874- |
| Relator term | joint author. |
| 9 (RLIN) | 10886 |
| 700 1# - ADDED ENTRY--PERSONAL NAME | |
| Personal name | Burton, Harry, |
| Relator term | photographer. |
| 942 ## - ADDED ENTRY ELEMENTS (KOHA) | |
| Source of classification or shelving scheme | Dewey Decimal Classification |
| Koha item type | Book - Borrowing |
| Withdrawn status | Lost status | Source of classification or shelving scheme | Damaged status | Not for loan | Collection code | Home library | Current library | Shelving location | Date acquired | Source of acquisition | Total Checkouts | Full call number | Barcode | Date last seen | Price effective from | Koha item type |
|---|---|---|---|---|---|---|---|---|---|---|---|---|---|---|---|---|
| Dewey Decimal Classification | Donation-Gift | Central Library | Central Library | Second Floor | 02/02/2010 | Donation | 932.014 CAR | 000019475 | 15/07/2025 | 02/02/2010 | Book - Borrowing |